Creativity and innovation

Na minha lista:
Detalhes bibliográficos
Autor principal: Nystrom, Harry
Formato: Livro
Idioma:Undetermined
Publicado em: New York Wiley 1979
Assuntos:
Tags: Adicionar Tag
Sem tags, seja o primeiro a adicionar uma tag!
Thư viện lưu trữ: Trung tâm Học liệu Trường Đại học Cần Thơ
LEADER 00461nam a2200181Ia 4500
001 CTU_87202
008 210402s9999 xx 000 0 und d
082 |a 658.4 
082 |b N998 
100 |a Nystrom, Harry 
245 0 |a Creativity and innovation 
245 0 |c Harry Nystrom 
260 |a New York 
260 |b Wiley 
260 |c 1979 
650 |a industrial management 
904 |i Bằng 
980 |a Trung tâm Học liệu Trường Đại học Cần Thơ